Witcher 3 intro (words) - Statistics

General Stats
  • This quiz has been taken 132 times
  • The average score is 115 of 363
Answer Stats
Words % Correct
I
91%
you
82%
you,
82%
You
82%
a
77%
an
66%
the
66%
The
66%
see
61%
And
59%
and
59%
of
59%
to
57%
To
57%
me...
55%
We
50%
we
50%
before
48%
he
48%
monsters
48%
have
45%
so
45%
your
45%
Your
45%
do
43%
for
43%
hungry...
43%
at
41%
gather
41%
has
41%
Men
41%
Sword
41%
In
39%
in
39%
Witchers
39%
are
36%
is
36%
magic
36%
North,
36%
north
36%
time
36%
Time
36%
TIme
36%
Axe
34%
babes
34%
Hunt
34%
Spheres
34%
terrified...
34%
was
34%
breast.
32%
Clutching
32%
Conjunction
32%
Emhyr
32%
here
32%
it
32%
Kings
32%
on
32%
On
32%
our
32%
they
32%
war
32%
"Why
32%
Emperor
30%
his
30%
Nigh
30%
not
30%
this
30%
Wild
30%
Will
30%
will
30%
by
27%
call
27%
stand
27%
their
27%
us?"
27%
us
27%
with
27%
called
25%
Can
25%
evil
25%
fight
25%
from
25%
gods!
25%
gods
25%
now
25%
that
25%
turn
25%
world
25%
ash?
23%
children
23%
did
23%
Did
23%
door
23%
every
23%
failed
23%
heads
23%
into
23%
look
23%
another
20%
coin
20%
forsaken
20%
good
20%
lands...
20%
lands
20%
legions
20%
Mountains...
20%
Or
20%
plead?
20%
power
20%
away.
18%
bites
18%
Blue
18%
burden
18%
but
18%
cataclysm
18%
Disdain
18%
force
18%
fortress
18%
full
18%
Instead
18%
instead
18%
intertwined
18%
kneel
18%
long
18%
marched
18%
must
18%
others
18%
own
18%
precipice!
18%
siege
18%
them
18%
yet
18%
Yet
18%
ago!
16%
allowed
16%
banish
16%
could
16%
day
16%
dust
16%
eater
16%
Fire
16%
Laid
16%
laid
16%
let
16%
Madness
16%
moon
16%
nefarious
16%
past
16%
Ravenous,
16%
scholars
16%
stead
16%
through
16%
trials
16%
unholy
16%
wail,
16%
Yes
16%
arcane
14%
bloody
14%
corpse
14%
domains
14%
forget
14%
mutated
14%
None
14%
offspring
14%
Rabid
14%
skies
14%
slip
14%
so-called
14%
Stray
14%
trolls
14%
vile
14%
wealth
14%
against
11%
blasphemous
11%
bleeds
11%
bodies
11%
dark
11%
distinguish
11%
flogged
11%
forces
11%
humanity
11%
kingdoms
11%
light
11%
offering
11%
raise
11%
say
11%
second
11%
Sent
11%
sins
11%
Some
11%
still
11%
studying
11%
swords
11%
werewolfs
11%
work
11%
around
9%
beyond
9%
Eternal
9%
few
9%
find
9%
mages
9%
numbers
9%
relicts
9%
ritual
9%
roam
9%
sorcery
9%
terrors
9%
The battles
9%
unknown
9%
upheaval
9%
whip
9%
within
9%
years
9%
abduct
7%
back
7%
chastisement
7%
dwindled
7%
existence
7%
flicker
7%
herald
7%
raiders
7%
shame
7%
warmth
7%
chart
5%
course
5%
strength
5%
Unite
5%
ways
5%
extinguised
2%
rules
2%
taught
2%
throughout
2%
unholyy
2%
fool
0%
scourges
0%
No matching quizzes found
Score Distribution
Percent of People with Each Score
Percentile by Number Answered
Your Score History
You have not taken this quiz